Double Letter African Capitals Quiz Stats

 Plays Quiz Updated Mar 23, 2020

Support Sporcle.
Go Orange.
Score 0/8 Timer 02:30
1 Play Today
Double letter Capital % Correct
DAddis Ababa
83.6%
CAccra
82.3%
Z; LBrazzaville
82%
EFreetown
52.9%
LLibreville
48.3%
SBissau
46.1%
SYamoussoukro
43.1%
TNouakchott
36.8%

From the Vault

Ends With 'E' Blitz

by caramba

The longer you can hold the "E" sound the more likely it is that you'll get the questions right.
Remove Ads.
Support Sporcle.
Get the best of Sporcle when you Go Orange. This ad-free experience offers more features, more stats, and more fun while also helping to support Sporcle. Thank you for becoming a member.

Show Comments

Extras

Top Quizzes Today


Score Distribution

Your Account Isn't Verified!

In order to create a playlist on Sporcle, you need to verify the email address you used during registration. Go to your Sporcle Settings to finish the process.

Report this User

Report this user for behavior that violates our Community Guidelines.

Details: